Nghiên cứu thực trạng mắc bệnh tăng huyết áp của người dân trên 20 tuổi ở phường Phú Mỹ thành phố Thủ Dầu Một tỉnh Bình Dương
Cơ quan chủ trì: Đại học Thủ Dầu Một; Đề tài tìm hiểu thực trạng mắc bệnh và các yếu tố ảnh hưởng tới bệnh tăng huyết áp của người dân tại phường Phú Mỹ. Từ những thông tin nghiên cứu của đề tài xây dựng một phần cơ sở dữ li...
Na minha lista:
| Autor principal: | |
|---|---|
| Outros Autores: | |
| Formato: | Livro |
| Idioma: | Undetermined |
| Publicado em: |
Bình Dương
2015
|
| Assuntos: | |
| Acesso em linha: | http://lrc.tdmu.edu.vn/opac/search/detail.asp?aID=2&ID=26103 |
| Tags: |
Adicionar Tag
Sem tags, seja o primeiro a adicionar uma tag!
|
| Thư viện lưu trữ: | Trung tâm Học liệu Trường Đại học Thủ Dầu Một |
|---|
| LEADER | 01433nam a2200205Ia 4500 | ||
|---|---|---|---|
| 001 | TDMU_26103 | ||
| 008 | 210410s9999 xx 000 0 und d | ||
| 082 | |a 616.132 007 | ||
| 090 | |b NG450 | ||
| 100 | |a Nguyễn, Thị Thúy Hiệp | ||
| 245 | 0 | |a Nghiên cứu thực trạng mắc bệnh tăng huyết áp của người dân trên 20 tuổi ở phường Phú Mỹ thành phố Thủ Dầu Một tỉnh Bình Dương | |
| 245 | 0 | |c Nguyễn Thị Thúy Hiệp; ThS. Nguyễn Thị Thu Hiền (hướng dẫn) | |
| 260 | |a Bình Dương | ||
| 260 | |c 2015 | ||
| 300 | |a 36tr. | ||
| 520 | |a Cơ quan chủ trì: Đại học Thủ Dầu Một; Đề tài tìm hiểu thực trạng mắc bệnh và các yếu tố ảnh hưởng tới bệnh tăng huyết áp của người dân tại phường Phú Mỹ. Từ những thông tin nghiên cứu của đề tài xây dựng một phần cơ sở dữ liệu về bệnh tăng huyết áp trên địa bàn thành phố. | ||
| 650 | |a Báo cáo khoa học; Bệnh tăng huyết áp |x Thực trạng |z Phường Phú Mỹ (Bình Dương) | ||
| 700 | |a Nguyễn Thị Thu Hiền | ||
| 856 | |u http://lrc.tdmu.edu.vn/opac/search/detail.asp?aID=2&ID=26103 | ||
| 980 | |a Trung tâm Học liệu Trường Đại học Thủ Dầu Một | ||